Crossing the Bridge: The Sound of Istanbul (Record no. 333127)
[ view plain ]
| 000 -LEADER | |
|---|---|
| fixed length control field | 00545nam a2200097Ia 4500 |
| 008 - FIXED-LENGTH DATA ELEMENTS--GENERAL INFORMATION | |
| fixed length control field | 170517s9999 xx 000 0 und d |
| 245 ## - TITLE STATEMENT | |
| Title | Crossing the Bridge: The Sound of Istanbul |
| 300 ## - PHYSICAL DESCRIPTION | |
| Extent | It's not the expected thing for a documentary on Turkish music to open with a quote from Confucius, but that is not the only fascinating surprise that Crossing the Bridge: The Sound of Istanbul has to offer. The latest film by Fatih Akin, who directed the exceptional... |
| 650 ## - SUBJECT ADDED ENTRY--TOPICAL TERM | |
| General subdivision | Art. |
| 856 ## - ELECTRONIC LOCATION AND ACCESS | |
| Uniform Resource Identifier | <a href="http://topdocumentaryfilms.com/crossing-the-bridge/">http://topdocumentaryfilms.com/crossing-the-bridge/</a> |
| Withdrawn status | Lost status | Damaged status | Home library | Current library | Date acquired | Total Checkouts | Date last seen | Price effective from | Koha item type |
|---|---|---|---|---|---|---|---|---|---|
| College Library | College Library | 05/17/2017 | 05/17/2017 | 05/17/2017 | Documentary Films |